Business mathematics and statistics / (Record no. 16672)
[ view plain ]
| 000 -LEADER | |
|---|---|
| fixed length control field | 00815cam a22002532 4500 |
| 001 - CONTROL NUMBER | |
| control field | 0000000230 |
| 003 - CONTROL NUMBER IDENTIFIER | |
| control field | OSt |
| 005 - DATE AND TIME OF LATEST TRANSACTION | |
| control field | 20180220125950.0 |
| 008 - FIXED-LENGTH DATA ELEMENTS--GENERAL INFORMATION | |
| fixed length control field | 070117s xx 000 0 eng d |
| 020 ## - INTERNATIONAL STANDARD BOOK NUMBER | |
| International Standard Book Number | 1408083154 : |
| Terms of availability | KES 1,850 |
| 040 ## - CATALOGING SOURCE | |
| Original cataloging agency | KABU |
| Transcribing agency | KABU |
| 050 #0 - LIBRARY OF CONGRESS CALL NUMBER | |
| Classification number | HF5691 |
| Item number | .F73 2014 c. 1 |
| 100 1# - MAIN ENTRY--PERSONAL NAME | |
| Personal name | Francis, Andre. |
| 245 10 - TITLE STATEMENT | |
| Title | Business mathematics and statistics / |
| Statement of responsibility, etc. | Andre Francis. |
| 250 ## - EDITION STATEMENT | |
| Edition statement | 7th ed. |
| 260 ## - PUBLICATION, DISTRIBUTION, ETC. (IMPRINT) | |
| Place of publication, distribution, etc. | Hampshire, UK : |
| Name of publisher, distributor, etc. | Cengage Learning, |
| Date of publication, distribution, etc. | 2014. |
| 300 ## - PHYSICAL DESCRIPTION | |
| Extent | ix, 674 p. |
| 650 #0 - SUBJECT ADDED ENTRY--TOPICAL TERM | |
| Topical term or geographic name as entry element | Business mathematics. |
| 700 ## - ADDED ENTRY--PERSONAL NAME | |
| Personal name | Mousley, Ben |
| 908 ## - PUT COMMAND PARAMETER (RLIN) | |
| Put command parameter | 070117 |
| 942 ## - ADDED ENTRY ELEMENTS (KOHA) | |
| Source of classification or shelving scheme | Library of Congress Classification |
| Koha item type | General Collection |
| Edition | 7th ed. |
| Classification part | HF5691 |
| Item part | .F73 2014 c. 1 |
| Withdrawn status | Lost status | Source of classification or shelving scheme | Not for loan | Home library | Current library | Shelving location | Date acquired | Cost, normal purchase price | Total Checkouts | Full call number | Barcode | Date last seen | Date last checked out | Copy number | Price effective from | Koha item type |
|---|---|---|---|---|---|---|---|---|---|---|---|---|---|---|---|---|
| Library of Congress Classification | Kabarak, Main Campus | Kabarak, Main Campus | General Stacks | 20/02/2018 | 1850.00 | 5 | HF5691 .F73 2014 c. 2 | 024057 | 25/11/2019 | 14/11/2019 | c. 2 | 20/02/2018 | General Collection | |||
| Library of Congress Classification | Kabarak, Main Campus | Kabarak, Main Campus | General Stacks | 20/02/2018 | 1850.00 | 4 | HF5691 .F73 2014 c. 1 | 024004 | 19/11/2019 | 01/11/2019 | c. 1 | 20/02/2018 | General Collection | |||
| Library of Congress Classification | Kabarak, Main Campus | Kabarak, Main Campus | General Stacks | 20/02/2018 | 1850.00 | 5 | HF5691 .F73 2014 c. 3 | 024058 | 20/02/2023 | 13/02/2023 | c. 3 | 20/02/2018 | General Collection | |||
| Library of Congress Classification | Kabarak, Main Campus | Kabarak, Main Campus | General Stacks | 20/02/2018 | 1850.00 | 2 | HF5691 .F73 2014 c. 4 | 024059 | 05/12/2019 | 02/12/2019 | c. 4 | 20/02/2018 | General Collection | |||
| Library of Congress Classification | Kabarak, Nakuru City Campus | Kabarak, Main Campus | General Stacks | 20/02/2018 | 1850.00 | 2 | HF5691 .F73 2014 c. 1 | 024220 | 23/03/2022 | 21/03/2022 | c. 1 | 20/02/2018 | General Collection |